Languages and machines : (Record no. 25896)

MARC details
000 -LEADER
fixed length control field 01064cam a22003135a 4500
001 - CONTROL NUMBER
control field 013309462
003 - CONTROL NUMBER IDENTIFIER
control field OSt
005 - DATE AND TIME OF LATEST TRANSACTION
control field 20240818093029.0
008 - FIXED-LENGTH DATA ELEMENTS--GENERAL INFORMATION
fixed length control field 050913t2006 maua frb 001 0 eng d
020 ## - INTERNATIONAL STANDARD BOOK NUMBER
International Standard Book Number 0321322215
020 ## - INTERNATIONAL STANDARD BOOK NUMBER
International Standard Book Number 9780321315342
040 ## - CATALOGING SOURCE
Original cataloging agency DLC
Transcribing agency DLC
Modifying agency DLC
-- UkCU
-- Uk
-- EG-ScBUE
Language of cataloging eng
082 04 - DEWEY DECIMAL CLASSIFICATION NUMBER
Classification number 511.3
Edition number 22
Item number SUD
100 10 - MAIN ENTRY--PERSONAL NAME
Personal name Sudkamp, Thomas A.
245 10 - TITLE STATEMENT
Title Languages and machines :
Remainder of title an introduction to the theory of computer science /
Statement of responsibility, etc Thomas A. Sudkamp.
250 ## - EDITION STATEMENT
Edition statement 3rd ed., Pearson international ed.
260 ## -
-- Boston ;
-- London :
-- Pearson Addison-Wesley,
-- c.2006.
300 ## - PHYSICAL DESCRIPTION
Extent xvii, 654 p. :
Other physical details ill. ;
Dimensions 24 cm.
336 ## - CONTENT TYPE
Source rdacontent
Content type term text
Content type code txt
337 ## - MEDIA TYPE
Media type term unmediated
Source rdamedia
Media type code n
338 ## - CARRIER TYPE
Carrier type term volume
Carrier type code nc
Source rdacarrier
504 ## - BIBLIOGRAPHY, ETC. NOTE
Bibliography, etc Includes bibliographical references and index.
650 #7 - SUBJECT ADDED ENTRY--TOPICAL TERM
Topical term or geographic name as entry element Formal languages.
Source of heading or term BUEsh
9 (RLIN) 3451
650 #7 - SUBJECT ADDED ENTRY--TOPICAL TERM
Topical term or geographic name as entry element Machine theory.
Source of heading or term BUEsh
9 (RLIN) 3450
650 #7 - SUBJECT ADDED ENTRY--TOPICAL TERM
Topical term or geographic name as entry element Computational complexity.
Source of heading or term BUEsh
9 (RLIN) 11175
651 ## - SUBJECT ADDED ENTRY--GEOGRAPHIC NAME
Source of heading or term BUEsh
653 ## - INDEX TERM--UNCONTROLLED
Resource For college Generalities
-- Informatics and Computer Science
Arrived date list January2018
942 ## - ADDED ENTRY ELEMENTS (KOHA)
Source of classification or shelving scheme Dewey Decimal Classification
Classification part RDA-MOD
Holdings
Withdrawn status Lost status Source of classification or shelving scheme Damaged status Not for loan Home library Current library Shelving location Date acquired Total Checkouts Full call number Barcode Date last seen Price effective from Koha item type
    Dewey Decimal Classification     Central Library Central Library First floor 08/01/2018   511.3 SUD 000047113 15/07/2025 08/01/2018 Book - Borrowing
    Dewey Decimal Classification     Central Library Central Library First floor 02/04/2018   511.3 SUD 000047549 15/07/2025 02/04/2018 Book - Borrowing